000 00785nas a2200265 454500
001 IICA0700907
003 BR-BrBNA
005 20260323111550.0
007 ta
008 260323b bl.|||p| |||| 00| 00por d
040 _aBR-BrBNA
_bpor
_cBiblioteca Nacional de Agricultura
041 _a(Es)
072 _aL72
100 1 _aStejskal, M.
245 1 _aEndomycopsis apis, sp. nov. , Fungus, parásito de las abejas Apis mellifica L. en Venezuela
300 _av. 26(3) p. 274-278
650 _aABELHA
650 _aENDOMYCOPSIS APIS
650 _aAPIS MELLIFICA
650 _aPARASITA
650 _aVENEZUELA
773 0 _tTURRIALBA (IICA)
_X0041-4360
_g(Jul-Sep 1976), v. 26(3) p. 274-278
_wIICA0700907
909 _a202603
_bLúcia
_c55
_dLúcia Elande
942 _2IICA
_n0
_cANA
999 _c340891
_d340891